[Event "CZE-chT3A Middle 0506  "]
[Site "Czech Republic"]
[Date "2006.03.05"]
[Round "9.7"]
[White "Fairaisl, Dusan"]
[Black "Halla, Jiri"]
[Result "0-1"]
[WhiteElo "1743"]
[BlackElo "1810"]
[PlyCount "38"]
[EventDate "2005.10.30"]
[EventType "team"]
[EventRounds "11"]
[EventCountry "CZE"]
[SourceTitle "EXT 2009"]
[Source "ChessBase"]
[SourceDate "2008.11.26"]
[SourceVersion "1"]
[SourceVersionDate "2008.11.26"]
[SourceQuality "1"]

1. e4 e6 2. Nf3 d5 3. exd5 exd5 4. d4 Bd6 5. Nc3 c6 6. g3 Bg4 7. Bg2 Ne7 8. 0-0 Nd7 9. b3 Nf6 10. Ne2 Ng6 11. Bg5 h6 12. Be3 Qd7 13. c4 Bh3 14. Qc1 Bxg2 15. Kxg2 Qf5 16. a4 h5 17. h4 Qg4 18. Qc2 Ne4 19. Ng5 Nxh4+ 0-1

[Event "CZE-chT3A Middle 0506  "]
[Site "Czech Republic"]
[Date "2006.01.22"]
[Round "6.6"]
[White "Fairaisl, Dusan"]
[Black "Rigo, Imrich"]
[Result "0-1"]
[WhiteElo "1743"]
[BlackElo "1993"]
[PlyCount "82"]
[EventDate "2005.10.30"]
[EventType "team"]
[EventRounds "11"]
[EventCountry "CZE"]
[SourceTitle "EXT 2009"]
[Source "ChessBase"]
[SourceDate "2008.11.26"]
[SourceVersion "1"]
[SourceVersionDate "2008.11.26"]
[SourceQuality "1"]

1. e4 c5 2. Nf3 Nc6 3. d4 cxd4 4. Nxd4 Nf6 5. Nc3 e5 6. Nxc6 bxc6 7. f3 Rb8 8. Bc4 Bb4 9. Qd3 d5 10. exd5 cxd5 11. Bb5+ Bd7 12. Bxd7+ Qxd7 13. 0-0 0-0 14. Bg5 e4 15. fxe4 Bxc3 16. bxc3 Nxe4 17. Bf4 Rbc8 18. Be5 Qc6 19. Rf3 f6 20. Bd4 Rc7 21. Rb1 Qa4 22. Rb2 Rfc8 23. Qb5 Nxc3 24. Bxc3 Qxb5 25. Rxb5 Rxc3 26. Rxc3 Rxc3 27. Rxd5 Ra3 28. Kf2 Rxa2 29. Rc5 Kf7 30. Ke2 g5 31. Kd3 h5 32. Kc3 Ke6 33. h4 Ra3+ 34. Kd4 Rg3 35. hxg5 fxg5 36. Rc6+ Kf5 37. c4 Rxg2 38. Rh6 h4 39. Kd5 Rd2+ 40. Kc6 Kg4 41. c5 Rc2 0-1

[Event "CZE-chT3A Middle 0506  "]
[Site "Czech Republic"]
[Date "2005.11.27"]
[Round "3.8"]
[White "Fairaisl, Dusan"]
[Black "Svehla, Vaclav"]
[Result "1/2-1/2"]
[WhiteElo "1743"]
[BlackElo "1834"]
[PlyCount "45"]
[EventDate "2005.10.30"]
[EventType "team"]
[EventRounds "11"]
[EventCountry "CZE"]
[SourceTitle "EXT 2009"]
[Source "ChessBase"]
[SourceDate "2008.11.26"]
[SourceVersion "1"]
[SourceVersionDate "2008.11.26"]
[SourceQuality "1"]

1. e4 d5 2. exd5 Nf6 3. Nf3 Nxd5 4. d4 g6 5. Bc4 c6 6. 0-0 Bg7 7. Re1 Bg4 8. c3 0-0 9. h3 Bxf3 10. Qxf3 e6 11. Nd2 Qf6 12. Qg3 Qf4 13. Qxf4 Nxf4 14. Ne4 Nd5 15. Nc5 b6 16. Ne4 Nd7 17. Be2 N7f6 18. Nxf6+ Bxf6 19. Bf3 Rac8 20. g3 Rfd8 21. Bxd5 Rxd5 22. Bf4 Rcd8 23. Re2 1/2-1/2